歴代年度代表馬 - Statistics

General Stats
  • This quiz has been taken 43 times
    6 since last reset
  • The average score is 40 of 73
Answer Stats
Answer 年間成績・当年の主な勝ち鞍 % Correct
1964 シンザン 8戦5勝皐月賞・東京優駿・菊花賞・スプリングステークス
100%
1965 シンザン 8戦7勝天皇賞(秋)・有馬記念・目黒記念(秋)・宝塚記念
100%
1984 シンボリルドルフ 7戦6勝皐月賞・東京優駿・菊花賞・有馬記念・弥生賞・セントライト記念
100%
1985 シンボリルドルフ 5戦4勝天皇賞(春)・ジャパンカップ・有馬記念・日経賞
100%
1994 ナリタブライアン 7戦6勝皐月賞・東京優駿・菊花賞・有馬記念
100%
2000 テイエムオペラオー 8戦8勝天皇賞(春・秋)・宝塚記念・ジャパンカップ・有馬記念
100%
2005 ディープインパクト 7戦6勝皐月賞・東京優駿・菊花賞
100%
2006 ディープインパクト 6戦5勝天皇賞(春)・宝塚記念・ジャパンカップ・有馬記念
100%
2011 オルフェーヴル 8戦6勝皐月賞・東京優駿・菊花賞・有馬記念
100%
2012 ジェンティルドンナ 7戦6勝桜花賞・優駿牝馬・秋華賞・ジャパンカップ
100%
2013 ロードカナロア 6戦5勝高松宮記念・安田記念・スプリンターズステークス・香港スプリント
100%
2014 ジェンティルドンナ 6戦2勝有馬記念・ドバイシーマクラシック
100%
2016 キタサンブラック 6戦3勝天皇賞(春)・ジャパンカップ
100%
2017 キタサンブラック 6戦4勝大阪杯・天皇賞(春・秋)・有馬記念
100%
2018 アーモンドアイ 5戦5勝桜花賞・優駿牝馬・秋華賞・ジャパンカップ
100%
2019 リスグラシュー 5戦3勝宝塚記念・有馬記念・コックスプレート
100%
2020 アーモンドアイ 4戦3勝ヴィクトリアマイル・天皇賞(秋)・ジャパンカップ
100%
2021 エフフォーリア 5戦4勝皐月賞・天皇賞(秋)・有馬記念
100%
2022 イクイノックス 4戦2勝天皇賞(秋)・有馬記念
100%
2023 イクイノックス 4戦4勝宝塚記念・天皇賞(秋)・ジャパンカップ・ドバイシーマクラシック
100%
2024 ドウデュース 4戦2勝天皇賞(秋)・ジャパンカップ
100%
2025 フォーエバーヤング 4戦3勝サウジカップ・BCクラシック
100%
1990 オグリキャップ 5戦2勝安田記念・有馬記念
83%
1991 トウカイテイオー 4戦4勝皐月賞・東京優駿
83%
1995 マヤノトップガン 13戦5勝菊花賞・有馬記念
83%
2001 ジャングルポケット 6戦3勝東京優駿・ジャパンカップ
83%
2002 シンボリクリスエス 10戦5勝天皇賞(秋)・有馬記念
83%
2003 シンボリクリスエス 4戦2勝天皇賞(秋)・有馬記念
83%
2004 ゼンノロブロイ 7戦3勝天皇賞(秋)・ジャパンカップ・有馬記念
83%
2010 ブエナビスタ 7戦3勝ヴィクトリアマイル・天皇賞(秋)
83%
1988 タマモクロス 7戦5勝天皇賞(春・秋)・宝塚記念
67%
1989 イナリワン 8戦3勝天皇賞(春)・宝塚記念・有馬記念
67%
1993 ビワハヤヒデ 7戦3勝菊花賞
67%
1999 エルコンドルパサー 4戦2勝サンクルー大賞
67%
2008 ウオッカ 7戦2勝安田記念・天皇賞(秋)
67%
2009 ウオッカ 7戦3勝ヴィクトリアマイル・安田記念・ジャパンカップ
67%
2015 モーリス 6戦6勝安田記念・マイルチャンピオンシップ・香港マイル
67%
1976 トウショウボーイ 10戦7勝皐月賞・有馬記念・神戸新聞杯・京都新聞杯
50%
1983 ミスターシービー 6戦5勝皐月賞・東京優駿・菊花賞・共同通信杯4歳S・弥生賞
50%
1992 ミホノブルボン 5戦4勝皐月賞・東京優駿
50%
1996 サクラローレル 5戦4勝天皇賞(春)・有馬記念
50%
1997 エアグルーヴ 5戦3勝天皇賞(秋)
50%
1998 タイキシャトル 5戦4勝安田記念・マイルチャンピオンシップ・ジャックルマロワ賞
50%
1967 スピードシンボリ 6戦4勝天皇賞(春)・アメリカJCC・目黒記念(春)・日本経済賞
33%
1970 スピードシンボリ 7戦3勝有馬記念・アメリカJCC・宝塚記念
33%
1975 カブラヤオー 6戦6勝皐月賞・東京優駿・東京4歳ステークス・弥生賞・NHK杯
33%
1977 テンポイント 7戦6勝天皇賞(春)・有馬記念・京都記念(春)・鳴尾記念・京都大賞典
33%
1979 グリーングラス 4戦1勝有馬記念
33%
1982 ヒカリデユール 6戦2勝有馬記念・朝日チャレンジカップ
33%
2007 アドマイヤムーン 6戦4勝宝塚記念・ジャパンカップ・ドバイデューティーフリー
33%
1954 ハクリヨウ 5戦5勝天皇賞(春)・東京杯・毎日王冠
17%
1956 メイヂヒカリ 7戦5勝天皇賞(春)・中山グランプリ
17%
1957 ハクチカラ 15戦9勝天皇賞(秋)・有馬記念・目黒記念(春・秋)・東京杯・日本経済賞・毎日王冠
17%
1960 コダマ 8戦4勝皐月賞・東京優駿・スプリングステークス
17%
1973 タケホープ 7戦4勝東京優駿・菊花賞
17%
1980 ホウヨウボーイ 7戦4勝有馬記念・日経賞
17%
1981 ホウヨウボーイ 6戦2勝天皇賞(秋)・アメリカJCC
17%
1986 ダイナガリバー 7戦3勝東京優駿・有馬記念・共同通信杯4歳S
17%
1987 サクラスターオー 5戦3勝皐月賞・菊花賞
17%
1955 オートキツ 14戦9勝東京優駿
0%
1958 オンワードゼア 14戦6勝天皇賞(春)・有馬記念・金盃・日本経済賞
0%
1959 ウイルデイール 11戦6勝皐月賞・NHK杯・京都杯・クモハタ記念
0%
1961 ホマレボシ 12戦5勝有馬記念・ダイヤモンドステークス・安田記念・日本経済賞
0%
1962 オンスロート 10戦8勝天皇賞(春)・有馬記念・金盃・日本経済賞
0%
1963 メイズイ 12戦9勝皐月賞・東京優駿・スプリングステークス・クモハタ記念
0%
リユウフオーレル 12戦6勝天皇賞(秋)・有馬記念・日本経済新春盃・鳴尾記念・宝塚記念
0%
1966 コレヒデ 11戦6勝天皇賞(秋)・有馬記念・東京新聞盃・アルゼンチンJCC
0%
1968 アサカオー 12戦5勝菊花賞・弥生賞・日本短波賞・セントライト記念
0%
1969 タケシバオー 10戦8勝天皇賞(春)・東京新聞杯・京都記念(春)・毎日王冠・英国フェア開催記念
0%
1971 トウメイ 11戦7勝天皇賞(秋)・有馬記念・マイラーズカップ・阪急杯・牝馬東京タイムズ杯
0%
1972 イシノヒカル 9戦5勝菊花賞・有馬記念
0%
1974 キタノカチドキ 7戦6勝皐月賞・菊花賞・きさらぎ賞・スプリングステークス・神戸新聞杯・京都新聞杯
0%
1978 カネミノブ 9戦3勝有馬記念・アルゼンチン共和国杯・日本経済賞
0%
No matching quizzes found
Score Distribution
Percent of People with Each Score
Percentile by Number Answered
Your Score History
You have not taken this quiz since the last reset